header

Super teaching (Record no. 251622)

MARC details
000 -LEADER
fixed length control field 01278cam a2200373 a 4500
001 - CONTROL NUMBER
control field 10418188
003 - CONTROL NUMBER IDENTIFIER
control field OSt
005 - DATE AND TIME OF LATEST TRANSACTION
control field 20151125153022.0
006 - FIXED-LENGTH DATA ELEMENTS--ADDITIONAL MATERIAL CHARACTERISTICS--GENERAL INFORMATION
fixed length control field m d
007 - PHYSICAL DESCRIPTION FIXED FIELD--GENERAL INFORMATION
fixed length control field cr n
008 - FIXED-LENGTH DATA ELEMENTS--GENERAL INFORMATION
fixed length control field 080418s2009 caua sb 001 0 eng d
020 ## - INTERNATIONAL STANDARD BOOK NUMBER
International Standard Book Number 9781412963312 (cloth)
International Standard Book Number 9781412963329 (pbk.)
035 ## - SYSTEM CONTROL NUMBER
System control number (WaSeSS)ssj0000675921
040 ## - CATALOGING SOURCE
Original cataloging agency DLC
Transcribing agency DLC
Modifying agency DLC
-- WaSeSS
050 #4 - LIBRARY OF CONGRESS CALL NUMBER
Classification number LB1025.3
Item number .J46 2009
082 00 - DEWEY DECIMAL CLASSIFICATION NUMBER
Classification number 371.102
Edition number 22
100 1# - MAIN ENTRY--PERSONAL NAME
Personal name Jensen, Eric,
Dates associated with a name 1950-
210 10 - ABBREVIATED TITLE
Abbreviated title Super teaching
245 10 - TITLE STATEMENT
Title Super teaching
Medium [electronic resource] :
Remainder of title over 1000 practical strategies /
Statement of responsibility, etc Eric Jensen.
250 ## - EDITION STATEMENT
Edition statement 4th ed.
260 ## - PUBLICATION, DISTRIBUTION, ETC. (IMPRINT)
Place of publication, distribution, etc Thousand Oaks, CA :
Name of publisher, distributor, etc Corwin Press,
Date of publication, distribution, etc c2009.
500 ## - GENERAL NOTE
General note Rev. ed. of: Superteaching. 1995.
504 ## - BIBLIOGRAPHY, ETC. NOTE
Bibliography, etc Includes bibliographical references (p. 185-188) and index.
506 ## - RESTRICTIONS ON ACCESS NOTE
Terms governing access License restrictions may limit access.
650 #0 - SUBJECT ADDED ENTRY--TOPICAL TERM
Topical term or geographic name as entry element Teaching.
Topical term or geographic name as entry element Lesson planning.
Topical term or geographic name as entry element Teacher-student relationships.
700 1# - ADDED ENTRY--PERSONAL NAME
Personal name Jensen, Eric,
Dates associated with a name 1950-
Title of a work Superteaching.
773 #0 - HOST ITEM ENTRY
Title SAGE Knowledge - A-Z List
856 40 - ELECTRONIC LOCATION AND ACCESS
Uniform Resource Identifier <a href="http://www.columbia.edu/cgi-bin/cul/resolve?clio10418188">http://www.columbia.edu/cgi-bin/cul/resolve?clio10418188</a>
Public note Full text available from SAGE Knowledge - A-Z List
910 ## - USER-OPTION DATA (OCLC)
User-option data Library of Congress record
942 ## - ADDED ENTRY ELEMENTS (KOHA)
Source of classification or shelving scheme Library of Congress Classification
Koha item type Long Loan Books
Holdings
Withdrawn status Lost status Source of classification or shelving scheme Damaged status Not for loan Collection code Home library Current library Shelving location Date acquired Total Checkouts Full call number Barcode Date last seen Date checked out Price effective from Koha item type
    Library of Congress Classification     Non-fiction Rongo University Library Rongo University Library General Stacks 25/11/2015 1 LB1025.3 .J46 2009 20157926 08/11/2023 25/10/2023 25/11/2015 Long Loan Books

© 2026 Rongo University
Contact us: librarian | system librarian | Rongo university